| 000 | 00440nam a2200169 a 4500 | ||
|---|---|---|---|
| 001 | 1695 | ||
| 003 | CO-ViMGA | ||
| 008 | 141112s2004 ck r 000 u spa d | ||
| 040 |
_aCO-ViMGA _bspa _cCO-ViMGA |
||
| 082 | 0 | 4 | _a371.26 A845s |
| 100 | 1 |
_aAvila, Orminzo _950174 |
|
| 245 | 1 | 0 | _aSimulacro - Univericfes - |
| 260 |
_aSantafé de Bogotá : _bNueva era Lopez, _c1995 |
||
| 300 | _a85p. | ||
| 650 | 1 | 4 | _aPRUEBAS ACADEMICAS |
| 942 |
_2ddc _cBK |
||
| 999 |
_c13872 _d13872 |
||